000 00691 a2200241 4500
001 0000
003 0000
005 20251015153254.0
020 _a9780198911258
040 _erda
050 _aRA 652.2 .E49
100 _aElwood, Mark
245 _aCritical Appraisal of Epidemiological Studies and Clinical Trials
_cMark Elwood
250 _a2nd ed.
264 _aOxford
_bOxford University Press
_c2025
300 _axiii, 523p.ill.
336 _2rdacontent
338 _2rdacarrier
504 _aIncludes Index
650 _2
_a
651 _2
_vMedical statistics.
942 _2lcc
_cBK
999 _c43812
_d43812